000 00400nam a22001697a 4500
005 20160701105617.0
008 160701b xxu||||| |||| 00| 0 eng d
020 _a81-88458-85-6
041 _aeng
082 _b18102
100 _aGautam, A K
_93358
245 _aCommunication System
260 _bS.K. Kataria & Sons
_c2011
300 _a264
650 _aDiploma Engineering
_9817
942 _cBK
999 _c5020
_d5018